[Event "Wch Seniors 65 28th"]
[Site "Bled"]
[Date "2018.11.22"]
[Round "5"]
[White "Haubt, Georg"]
[Black "Henrichsen, Erland"]
[Result "1-0"]
[WhiteElo "2136"]
[BlackElo "1962"]
[PlyCount "57"]
[EventDate "2018.11.18"]
[EventType "swiss"]
[EventRounds "11"]
[EventCountry "SLO"]
[SourceTitle "CBM 187 Extra"]
[Source "ChessBase"]
[SourceDate "2018.11.04"]
[SourceVersion "1"]
[SourceVersionDate "2018.11.04"]
[SourceQuality "1"]

1. d4 Nf6 2. Bf4 c5 3. c3 cxd4 4. cxd4 Nd5 5. Bg3 Qa5+ 6. Nd2 Nc6 7. Ngf3 d6 8. a3 b5 9. e4 Nc7 10. Rc1 Bd7 11. d5 Nd8 12. b4 Qb6 13. Qb3 e5 14. dxe6 Ncxe6 15. Bd3 Be7 16. 0-0 0-0 17. Bb1 Nc6 18. Qd3 Ncd4 19. e5 Nxf3+ 20. Nxf3 g6 21. exd6 Bf6 22. Ne5 Bxe5 23. Bxe5 f6 24. Bb2 Kg7 25. Rfd1 Rfe8 26. Qf3 Rf8 27. Ba2 Ng5 28. Qf4 Rad8 29. Qxg5 1-0

[Event "WchT Seniors 50"]
[Site "Vilnius"]
[Date "2014.07.19"]
[Round "7.7"]
[White "Henrichsen, Erland"]
[Black "Gibbons, Robert"]
[Result "0-1"]
[WhiteElo "1980"]
[BlackElo "1951"]
[PlyCount "104"]
[EventDate "2014.07.13"]
[EventType "team-swiss"]
[EventRounds "9"]
[EventCountry "LTU"]
[SourceTitle "CBM 161 Extra"]
[Source "ChessBase"]
[SourceDate "2014.08.29"]
[SourceVersion "1"]
[SourceVersionDate "2014.08.29"]
[SourceQuality "1"]
[WhiteTeam "Norway"]
[BlackTeam "New Zealand"]
[WhiteTeamCountry "NOR"]
[BlackTeamCountry "NZL"]

1. d4 d5 2. Nf3 Nf6 3. e3 e6 4. Bd3 Nbd7 5. b3 Be7 6. 0-0 0-0 7. Nbd2 b6 8. Bb2 Bb7 9. Ne5 Nxe5 10. dxe5 Ne4 11. Qe2 Nc5 12. f4 f5 13. Nf3 Nxd3 14. cxd3 c5 15. d4 Rc8 16. Rfc1 Rc6 17. Rc2 Qc8 18. Rac1 Ba6 19. Qd1 c4 20. h3 Rf7 21. g4 g6 22. Kh1 b5 23. gxf5 gxf5 24. Rg2+ Rg7 25. Rxg7+ Kxg7 26. Qg1+ Kh8 27. Qg2 Qg8 28. Qf2 Rc8 29. Rg1 Qf7 30. Ng5 Bxg5 31. fxg5 Qh5 32. h4 cxb3 33. axb3 b4 34. Ra1 Bd3 35. Rc1 Rxc1+ 36. Bxc1 Qd1+ 37. Qg1 Qxg1+ 38. Kxg1 Bc2 39. Kf2 Kg7 40. h5 Bd1 41. h6+ Kg6 42. e4 fxe4 43. Ke1 Bxb3 44. Be3 a5 45. Kd2 a4 46. Kc1 a3 47. Bd2 a2 48. Kb2 Bc4 49. Be3 b3 50. Ka1 Bb5 51. Kb2 Kf5 52. Bd2 Be8 0-1

[Event "NOR-ch Seniors-A"]
[Site "Lillehammer"]
[Date "2013.06.29"]
[Round "5"]
[White "Larsen, Arild"]
[Black "Henrichsen, Erland"]
[Result "1/2-1/2"]
[WhiteElo "1709"]
[BlackElo "1873"]
[PlyCount "107"]
[EventDate "2013.06.29"]
[EventType "swiss"]
[EventRounds "9"]
[EventCountry "NOR"]
[SourceTitle "EXT 2017"]
[Source "ChessBase"]
[SourceDate "2016.10.25"]
[SourceVersion "1"]
[SourceVersionDate "2016.10.25"]
[SourceQuality "1"]

1. e4 e6 2. d4 d5 3. Nc3 Nf6 4. e5 Nfd7 5. f4 c5 6. Nf3 Nc6 7. Ne2 cxd4 8. Nexd4 Nxd4 9. Nxd4 a6 10. Nb3 Nc5 11. Be3 Nxb3 12. axb3 Bd7 13. Bd3 Bc6 14. Bd4 Qd7 15. Qe2 g6 16. 0-0 Bg7 17. g4 Rg8 18. Rf3 Qe7 19. Qf2 f5 20. gxf5 gxf5 21. Rg3 Kd7 22. Kf1 Bh6 23. Ke2 Rxg3 24. Qxg3 Qg7 25. Qxg7+ Bxg7 26. Rg1 Bf8 27. Rg8 Re8 28. Rh8 h6 29. Rh7+ Re7 30. Rxe7+ Bxe7 31. c4 b5 32. cxb5 Bxb5 33. Bxb5+ axb5 34. Kd3 Kc6 35. Bf2 h5 36. h3 b4 37. Be1 Kb5 38. Bf2 Bc5 39. Bh4 Bg1 40. Be7 Bf2 41. Bf6 Bg3 42. Bg5 Kc6 43. Bh6 Kd7 44. Bg5 Bf2 45. Bf6 Kc6 46. Be7 Kb5 47. Bf6 d4 48. Be7 Bg1 49. Bh4 Be3 50. Bg5 Kc5 51. Be7+ Kd5 52. Bg5 Bc1 53. Kc2 Be3 54. Kd3 1/2-1/2

[Event "EU-ch Seniors 13th"]
[Site "Plovdiv"]
[Date "2013.03.19"]
[Round "9"]
[White "Henrichsen, Erland"]
[Black "Grinberg, Iosif P"]
[Result "1/2-1/2"]
[WhiteElo "1937"]
[BlackElo "2165"]
[PlyCount "66"]
[EventDate "2013.03.11"]
[EventType "swiss"]
[EventRounds "9"]
[EventCountry "BUL"]
[SourceTitle "CBM 153 Extra"]
[Source "ChessBase"]
[SourceDate "2013.04.22"]
[SourceVersion "1"]
[SourceVersionDate "2013.04.22"]
[SourceQuality "1"]

1. d4 d5 2. Nf3 c6 3. e3 Nd7 4. c4 e6 5. Nbd2 f5 6. Bd3 Nh6 7. b3 Bd6 8. Bb2 0-0 9. Qe2 Qe7 10. 0-0 Rf6 11. Ne5 Nf7 12. f4 Rh6 13. Nxd7 Bxd7 14. Nf3 Rf8 15. Ne5 Nxe5 16. dxe5 Bc7 17. a4 Rf7 18. cxd5 exd5 19. a5 a6 20. Ba3 Qh4 21. g3 Qd8 22. b4 Bb8 23. Bb2 Qe7 24. Bd4 Re6 25. Bc5 Qe8 26. Qc2 g6 27. Kf2 Bc7 28. h4 Bd8 29. Rh1 Be7 30. Bxe7 Qxe7 31. Qc5 Qxc5 32. bxc5 Bc8 33. Ra4 Ree7 1/2-1/2

[Event "EU-ch Seniors 13th"]
[Site "Plovdiv"]
[Date "2013.03.17"]
[Round "7"]
[White "Henrichsen, Erland"]
[Black "Hohler, Peter"]
[Result "1/2-1/2"]
[WhiteElo "1937"]
[BlackElo "2213"]
[PlyCount "37"]
[EventDate "2013.03.11"]
[EventType "swiss"]
[EventRounds "9"]
[EventCountry "BUL"]
[SourceTitle "CBM 153 Extra"]
[Source "ChessBase"]
[SourceDate "2013.04.22"]
[SourceVersion "1"]
[SourceVersionDate "2013.04.22"]
[SourceQuality "1"]

1. d4 Nf6 2. Bg5 Ne4 3. Bf4 d5 4. f3 Nf6 5. Nc3 e6 6. e4 Bb4 7. Qd3 0-0 8. Bg5 Be7 9. e5 Nfd7 10. Bxe7 Qxe7 11. f4 c5 12. Nf3 Nc6 13. Ng5 f5 14. exf6 Nxf6 15. dxc5 Qxc5 16. 0-0-0 Bd7 17. g3 Rae8 18. Bh3 h6 19. Nf3 1/2-1/2

[Event "EU-ch Seniors 13th"]
[Site "Plovdiv"]
[Date "2013.03.12"]
[Round "2"]
[White "Kurka, Dieter"]
[Black "Henrichsen, Erland"]
[Result "1-0"]
[WhiteElo "2079"]
[BlackElo "1937"]
[PlyCount "45"]
[EventDate "2013.03.11"]
[EventType "swiss"]
[EventRounds "9"]
[EventCountry "BUL"]
[SourceTitle "CBM 153 Extra"]
[Source "ChessBase"]
[SourceDate "2013.04.22"]
[SourceVersion "1"]
[SourceVersionDate "2013.04.22"]
[SourceQuality "1"]

1. d4 Nf6 2. c4 e6 3. g3 c5 4. Nf3 Be7 5. Bg2 0-0 6. 0-0 Qc7 7. Bf4 Qb6 8. Nc3 a6 9. Na4 Qd8 10. dxc5 Nc6 11. b4 Nh5 12. Bd2 f5 13. b5 Na5 14. Nb6 Bxc5 15. Nxa8 b6 16. Ne5 Bb7 17. Bxb7 Nxb7 18. bxa6 Nd6 19. Nxb6 Bxb6 20. Bb4 f4 21. Qxd6 fxg3 22. Qxf8+ Qxf8 23. Bxf8 1-0

[Event "EU-ch Seniors 12th"]
[Site "Kaunas"]
[Date "2012.08.19"]
[Round "2"]
[White "Henrichsen, Erland"]
[Black "Pintauro, Tonino"]
[Result "1-0"]
[WhiteElo "1940"]
[BlackElo "1609"]
[PlyCount "49"]
[EventDate "2012.08.18"]
[EventType "swiss"]
[EventRounds "9"]
[EventCountry "LTU"]
[SourceTitle "CBM 150 Extra"]
[Source "ChessBase"]
[SourceDate "2012.10.19"]
[SourceVersion "1"]
[SourceVersionDate "2012.10.19"]
[SourceQuality "1"]

1. d4 d5 2. c4 e6 3. Nf3 Nf6 4. e3 b6 5. Nbd2 Bb7 6. Bd3 Bd6 7. 0-0 0-0 8. cxd5 exd5 9. Ne5 Nbd7 10. f4 c5 11. b3 Rc8 12. Ba3 Qe7 13. Qf3 cxd4 14. Bxd6 Qxd6 15. exd4 Rc3 16. Bxh7+ Nxh7 17. Qxc3 Rc8 18. Qh3 Ndf6 19. Rac1 Rd8 20. Rc2 Ne4 21. Nxf7 Kxf7 22. Qxh7 Qb4 23. Nf3 Nc3 24. Ne5+ Ke8 25. Qg6+ 1-0

[Event "EU-chT Seniors"]
[Site "Rogaska Slatina"]
[Date "2012.04.01"]
[Round "6.21"]
[White "Henrichsen, Erland"]
[Black "Juergens, Peter1111"]
[Result "1/2-1/2"]
[WhiteElo "1978"]
[BlackElo "1993"]
[PlyCount "33"]
[EventDate "2012.03.27"]
[EventType "team-swiss"]
[EventRounds "9"]
[EventCountry "SLO"]
[SourceTitle "CBM 147 Extra"]
[Source "ChessBase"]
[SourceDate "2012.04.24"]
[SourceVersion "1"]
[SourceVersionDate "2012.04.24"]
[SourceQuality "1"]
[WhiteTeam "Norway (Seniors) III"]
[BlackTeam "Niedersachsen (Seniors)"]
[WhiteTeamCountry "NOR"]
[BlackTeamCountry "GER"]

1. d4 e6 2. Nf3 Nf6 3. e3 b6 4. Bd3 Bb7 5. 0-0 d5 6. Nbd2 Be7 7. b3 0-0 8. Bb2 Nbd7 9. Ne5 Ne4 10. Bb5 Nxe5 11. dxe5 c5 12. Bd3 Nxd2 13. Qxd2 f6 14. Rad1 fxe5 15. Bxe5 Bf6 16. Bxf6 Qxf6 17. Qe2 1/2-1/2

[Event "EU-chT Seniors"]
[Site "Rogaska Slatina"]
[Date "2012.03.29"]
[Round "3.20"]
[White "Wittmann, Walter"]
[Black "Henrichsen, Erland"]
[Result "1-0"]
[WhiteElo "2286"]
[BlackElo "1978"]
[PlyCount "50"]
[EventDate "2012.03.27"]
[EventType "team-swiss"]
[EventRounds "9"]
[EventCountry "SLO"]
[SourceTitle "CBM 147 Extra"]
[Source "ChessBase"]
[SourceDate "2012.04.24"]
[SourceVersion "1"]
[SourceVersionDate "2012.04.24"]
[SourceQuality "1"]
[WhiteTeam "Austria (Seniors)"]
[BlackTeam "Norway (Seniors) III"]
[WhiteTeamCountry "AUT"]
[BlackTeamCountry "NOR"]

1. e4 e6 2. d4 d5 3. Nd2 c5 4. exd5 cxd4 5. Ngf3 Qxd5 6. Bc4 Qd8 7. 0-0 Nf6 8. Nb3 Be7 9. Nbxd4 0-0 10. Qe2 a6 11. a4 Qc7 12. Bb3 Nc6 13. Nxc6 Qxc6 14. Re1 Bc5 15. Ne5 Qc7 16. Bf4 Bd6 17. Rad1 Bxe5 18. Bxe5 Qc6 19. Rd6 Qc5 20. Rd3 Re8 21. Rg3 Kh8 22. Rxg7 Kxg7 23. Qg4+ Kf8 24. Bxf6 Rd8 25. Qg7+ Ke8 1-0

[Event "Fagernes Norsk op-A"]
[Site "Fagernes"]
[Date "2011.04.17"]
[Round "1"]
[White "Kasparov, Sergey"]
[Black "Henrichsen, Erland"]
[Result "1-0"]
[WhiteElo "2473"]
[BlackElo "2038"]
[PlyCount "53"]
[EventDate "2011.04.17"]
[EventType "swiss"]
[EventRounds "9"]
[EventCountry "NOR"]
[SourceTitle "CBM 141 Extra"]
[Source "ChessBase"]
[SourceDate "2011.05.03"]
[SourceVersion "1"]
[SourceVersionDate "2011.05.03"]
[SourceQuality "1"]

1. e4 e6 2. d4 d5 3. Nd2 dxe4 4. Nxe4 Bd7 5. Nf3 Bc6 6. Bd3 Nd7 7. 0-0 Ngf6 8. Ng3 Be7 9. Re1 Bxf3 10. Qxf3 c6 11. c3 0-0 12. Bf4 Re8 13. Rad1 Qa5 14. a3 Qd5 15. Qe2 Nf8 16. Ne4 Ng6 17. Bc1 a5 18. Ng5 Qd6 19. g3 a4 20. h4 Qc7 21. Qf3 Bd6 22. h5 Nf8 23. h6 Ng6 24. hxg7 Kxg7 25. Kg2 Rh8 26. Rxe6 Nd5 27. Rxd6 1-0